Statistiken für Grösste Städte der Schweiz - Extrem

Klicken Sie hier um das Quiz zu spielen!

Allgemein

  • Dieses Quiz wurde 1,544 mal gespielt
  • Das Durchschnittsergebnis liegt bei 31 aus 100

Antwortstatistiken

Bevölkerung Stadt / Gemeinde % Korrekt
409.120Zürich
98%
133.759Bern
98%
200.485Genf
93%
171.433Basel
92%
81.388Luzern
79%
138.861Lausanne
75%
75.508St. Gallen
74%
38.513Freiburg
65%
63.482Lugano
64%
36.325Schaffhausen
64%
110.871Winterthur
63%
35.031Chur
63%
33.565Neuenburg
62%
30.197Zug
60%
21.268Aarau
57%
54.609Biel
57%
34.590Sitten
57%
43.738Thun
55%
16.700Solothurn
53%
16.012Locarno
50%
43.181Bellinzona
46%
25.438Frauenfeld
43%
18.384Olten
42%
14.999Schwyz
42%
26.572Montreux
41%
14.264Liestal
37%
23.764Wil
37%
19.173Baden
37%
21.800Kreuzlingen
36%
26.980Rapperswil-Jona
34%
30.140Yverdon-les-Bains
34%
19.405Kloten
34%
20.524Nyon
33%
34.506Uster
31%
27.042Dietikon
29%
19.824Vevey
29%
38.621La-Chaux-de-Fonds
28%
15.776Herisau
28%
30.680Emmen
28%
41.490Köniz
28%
26.989Kriens
27%
18.169Martigny
26%
16.278Burgdorf
25%
24.320Baar
25%
16.572Cham
25%
18.170Gossau
24%
17.125Grenchen
23%
16.855Sierre
23%
15.634Langenthal
23%
20.321Horgen
22%
17.801Muttenz
22%
17.854Thalwil
22%
13.334Rheinfelden
22%
24.513Wetzikon
22%
16.387Pratteln
21%
28.137Dübendorf
21%
14.883Lyss
21%
13.996Meilen
20%
14.531Arbon
20%
19.884Bülach
20%
21.780Wädenswil
20%
16.072Wohlen
19%
18.751Schlieren
19%
22.708Bulle
19%
14.304Küsnacht
19%
15.836Morges
18%
20.716Wettingen
18%
16.969Illnau-Effretikon
17%
14.435Stäfa
17%
19.143Reinach
17%
15.935Wallisellen
17%
21.246Riehen
17%
18.313Regensdorf
16%
22.333Carouge
16%
19.973Opfikon
15%
15.550Einsiedeln
15%
20.908Allschwil
15%
14.913Mendrisio
14%
13.914Horw
14%
17.558Monthey
14%
24.125Meyrin
14%
17.541Ostermundigen
14%
15.814Steffisburg
13%
13.604Oftringen
13%
35.115Vernier
13%
18.799Adliswil
13%
15.574Binningen
13%
16.264Freienbach
13%
18.159Pully
12%
18.243Glarus Nord
12%
31.939Lancy
12%
18.693Volketswil
12%
18.968Onex
12%
21.032Renens
12%
13.449Richterswil
12%
13.527Ebikon
11%
13.459Amriswil
11%
13.322Versoix
9%
16.907Val-de-Ruz
8%
14.090Thônex
8%

Verteilung der Resultate

Perzentil nach korrekt beantworteten Fragen

Anzahl Personen mit jedem Resultat

Ihre Resultats-Entwicklung

Sie haben dieses Quiz noch nicht gespielt